[Event "XI. Solinger Karnevals-Open"]
[Site "Solingen"]
[Date "2020.02.23"]
[Round "4.10"]
[White "Vranidis, Georgios"]
[Black "Gallasch, Robin"]
[Result "0-1"]
[WhiteElo "1914"]
[BlackElo "2040"]
[PlyCount "90"]
[EventDate "2020.02.21"]
[EventType "swiss"]
[EventRounds "5"]
[EventCountry "GER"]
[Tiebreak "Buchholz+Sum of Buchholz"]

1. e4 c6 2. d4 d5 3. exd5 cxd5 4. Bd3 Nc6 5. c3 Qc7 6. Ne2 Bg4 7. f3 Bd7 8. Bf4
e5 9. dxe5 Nxe5 10. O-O Bd6 11. Bg3 Ne7 12. a4 O-O 13. Qc2 Nxd3 14. Bxd6 Qxd6
15. Qxd3 Qb6+ 16. Nd4 Qxb2 17. Nd2 Qb6 18. Rfb1 Qc7 19. Nb5 Qc5+ 20. Kh1 Bf5
21. Qd4 Qxd4 22. cxd4 Bxb1 23. Rxb1 Nc6 24. Nb3 Rfc8 25. Nd6 Rc7 26. Kg1 Rd8
27. Nf5 g6 28. Ng3 Re7 29. Kf2 Rde8 30. Rd1 f5 31. Rd2 Kf7 32. h4 Re3 33. Nc5
b6 34. Nd3 R3e7 35. Nf4 Rd7 36. Nf1 Na5 37. Rb2 Nc4 38. Rb5 a6 39. Rxd5 Rxd5
40. Nxd5 Rd8 41. Nb4 Rxd4 42. Nxa6 Nd6 43. Nc7 Rxa4 44. Nd5 b5 45. Nfe3 Rxh4
0-1

[Event "XI. Solinger Karnevals-Open"]
[Site "Solingen"]
[Date "2020.02.23"]
[Round "4.11"]
[White "Sondermann, Dirk"]
[Black "Philippe, Denis-Emmanuel"]
[Result "0-1"]
[WhiteElo "1883"]
[BlackElo "2026"]
[PlyCount "96"]
[EventDate "2020.02.21"]
[EventType "swiss"]
[EventRounds "5"]
[EventCountry "GER"]
[Tiebreak "Buchholz+Sum of Buchholz"]

1. d4 d5 2. Nf3 Nf6 3. c4 c6 4. Nc3 e6 5. e3 Nbd7 6. Qc2 Bd6 7. g4 h6 8. Rg1
Qe7 9. Bd2 b6 10. O-O-O Bb7 11. cxd5 cxd5 12. Bb5 a6 13. Bxd7+ Nxd7 14. Rg2 Rc8
15. Kb1 b5 16. Qd3 Nb6 17. b3 Bc6 18. Rc1 Qb7 19. Nd1 b4 20. Ne5 Bb5 21. Rxc8+
Qxc8 22. Qc2 Qxc2+ 23. Kxc2 Nd7 24. f4 a5 25. Bc1 Nxe5 26. fxe5 Be7 27. h4 Kd7
28. Kb2 Ba6 29. Nf2 Bb5 30. Rg1 Be2 31. Rh1 Rc8 32. Bd2 f6 33. exf6 Bxf6 34. h5
e5 35. Re1 Bf3 36. dxe5 Bxe5+ 37. Kb1 Bg3 38. Rf1 Rf8 39. Nd3 Bd6 40. Nf4 Be4+
41. Kc1 Be5 42. Rg1 Bf6 43. Ne2 Rc8+ 44. Kd1 Bf3 45. Rg3 Bxe2+ 46. Kxe2 Rc2 47.
Kd3 Rxa2 48. e4 Rb2 0-1

[Event "XI. Solinger Karnevals-Open"]
[Site "Solingen"]
[Date "2020.02.23"]
[Round "4.12"]
[White "Thiemonds, Uli"]
[Black "Boghossian, Wahe"]
[Result "1/2-1/2"]
[WhiteElo "2025"]
[BlackElo "1835"]
[PlyCount "62"]
[EventDate "2020.02.21"]
[EventType "swiss"]
[EventRounds "5"]
[EventCountry "GER"]
[Tiebreak "Buchholz+Sum of Buchholz"]

1. e4 c5 2. c3 Nf6 3. e5 Nd5 4. d4 d6 5. Nf3 cxd4 6. cxd4 Nc6 7. exd6 Qxd6 8.
Nc3 Be6 9. Bb5 Nxc3 10. bxc3 a6 11. Bd3 g6 12. O-O Bg7 13. a4 O-O 14. h3 Rfd8
15. Qd2 Rd7 16. Ba3 Qd5 17. Qe3 Qa5 18. Be4 Rc8 19. Rfb1 Qh5 20. Bc1 Bd5 21.
Rb6 Na5 22. Bxd5 Qxd5 23. Nd2 Rxc3 24. Qxc3 Bxd4 25. Qc8+ Rd8 26. Qc7 Bxa1 27.
Qxe7 Bd4 28. Rb1 Rc8 29. Ne4 Qf5 30. Bh6 Nc6 31. Qxb7 Na5 1/2-1/2

[Event "XI. Solinger Karnevals-Open"]
[Site "Solingen"]
[Date "2020.02.23"]
[Round "4.13"]
[White "Germund, Marlon"]
[Black "Engels, Stefan"]
[Result "0-1"]
[WhiteElo "1404"]
[BlackElo "2017"]
[PlyCount "116"]
[EventDate "2020.02.21"]
[EventType "swiss"]
[EventRounds "5"]
[EventCountry "GER"]
[Tiebreak "Buchholz+Sum of Buchholz"]

1. d4 Nf6 2. c4 c5 3. d5 b5 4. cxb5 a6 5. e3 axb5 6. Bxb5 Qa5+ 7. Nc3 Bb7 8.
Bc4 e6 9. e4 Nxe4 10. Nge2 Nd6 11. Bb3 c4 12. Bc2 Bxd5 13. O-O Bb7 14. Nd4 Nc6
15. Bf4 Nxd4 16. Qxd4 Nf5 17. Qxc4 Ba6 18. Qe4 Bxf1 19. Rxf1 d5 20. Ba4+ Kd8
21. Rd1 Bd6 22. Qf3 Qb4 23. Bxd6 Qxd6 24. Nxd5 Rxa4 25. Nc3 Nd4 26. Qe4 Rb4 27.
a3 Rc4 28. Nb5 Nxb5 29. Rxd6+ Nxd6 30. Qe3 Kd7 31. h3 Rhc8 32. b4 Rc1+ 33. Kh2
R1c3 34. Qa7+ R8c7 35. Qd4 g6 36. a4 R3c4 37. Qd2 Rb7 38. a5 Rbxb4 39. Qe3 Ra4
40. Qa7+ Rc7 41. Qb6 Rb7 42. Qc5 Rb5 43. Qa7+ Kc6 44. Qa6+ Kd5 45. Qa8+ Ke5 46.
a6 Rba5 47. Qh8+ Kd5 48. Qxh7 Rxa6 49. Qh6 Ra2 50. Qg5+ Kc6 51. Qf4 R6a4 52.
Qf3+ Kc7 53. Qc3+ Rc4 54. Qf6 Rcc2 55. Qd4 Rxf2 56. h4 Rxg2+ 57. Kh1 Rgc2 58.
Qd1 Rh2+ 0-1

[Event "XI. Solinger Karnevals-Open"]
[Site "Solingen"]
[Date "2020.02.23"]
[Round "4.14"]
[White "Borkhardt, Arndt"]
[Black "Riyadh, Ghassan"]
[Result "1-0"]
[WhiteElo "1954"]
[BlackElo "1846"]
[PlyCount "55"]
[EventDate "2020.02.21"]
[EventType "swiss"]
[EventRounds "5"]
[EventCountry "GER"]
[Tiebreak "Buchholz+Sum of Buchholz"]

1. e4 c5 2. Nf3 Nc6 3. d4 cxd4 4. Nxd4 g6 5. Nc3 Bg7 6. Be3 d6 7. Qd2 Nf6 8. f3
Bd7 9. O-O-O a6 10. g4 Be6 11. Nxe6 fxe6 12. Bc4 Kf7 13. g5 Nd7 14. f4 b5 15.
Bxe6+ Ke8 16. e5 Nc5 17. Bxc5 dxc5 18. Bd7+ Kf8 19. Bxc6 Qxd2+ 20. Rxd2 Rb8 21.
Rhd1 h6 22. Rd8+ Kf7 23. Bd5+ e6 24. Rd7+ Kf8 25. Bxe6 hxg5 26. Rf7+ Kg8 27.
Rdd7 Rh7 28. Rxg7+ 1-0

[Event "XI. Solinger Karnevals-Open"]
[Site "Solingen"]
[Date "2020.02.23"]
[Round "4.15"]
[White "Cakir, Eren"]
[Black "Reinhardt, Klaus"]
[Result "0-1"]
[WhiteElo "1985"]
[BlackElo "1757"]
[PlyCount "62"]
[EventDate "2020.02.21"]
[EventType "swiss"]
[EventRounds "5"]
[EventCountry "GER"]
[Tiebreak "Buchholz+Sum of Buchholz"]

1. d4 Nf6 2. Nf3 g6 3. g3 Bg7 4. Bg2 d6 5. O-O O-O 6. c4 c6 7. Nc3 Nbd7 8. b3
e5 9. dxe5 dxe5 10. Bb2 Re8 11. e4 Qc7 12. Qe2 Nc5 13. Rfd1 Bg4 14. h3 Bxf3 15.
Bxf3 Rad8 16. b4 Ne6 17. Rac1 Nd4 18. Qe3 Nxf3+ 19. Qxf3 Rd4 20. Na4 Rxd1+ 21.
Rxd1 Qe7 22. a3 Qe6 23. Nc5 Qxc4 24. Nxb7 Qc2 25. Nd6 Re6 26. Bc3 Bf8 27. Nc4
Nxe4 28. Rd3 Rf6 29. Qe3 Nxf2 30. Rd2 Qc1+ 31. Kg2 Qh1# 0-1

[Event "XI. Solinger Karnevals-Open"]
[Site "Solingen"]
[Date "2020.02.23"]
[Round "4.16"]
[White "Pickardt, Henrik"]
[Black "Vranidis, Athanassios"]
[Result "1-0"]
[WhiteElo "1447"]
[BlackElo "1965"]
[PlyCount "101"]
[EventDate "2020.02.21"]
[EventType "swiss"]
[EventRounds "5"]
[EventCountry "GER"]
[Tiebreak "Buchholz+Sum of Buchholz"]

1. d4 Nf6 2. c4 e6 3. Nc3 d5 4. e3 c6 5. Nf3 Nbd7 6. Bd2 Be7 7. Bd3 O-O 8. O-O
dxc4 9. Bxc4 b5 10. Bd3 Bb7 11. Rc1 a6 12. Ne4 Nxe4 13. Bxe4 Nf6 14. Bxc6 Bxc6
15. Rxc6 Qd5 16. Rc7 Bd6 17. Rc2 Qxa2 18. Qb1 Qd5 19. Rfc1 Ne4 20. Rc6 h6 21.
Be1 Rfd8 22. Nd2 Nf6 23. Qd3 e5 24. e4 Qxd4 25. Qxd4 exd4 26. f3 Ne8 27. Nb3
Bf4 28. Rd1 Be5 29. Nc5 Nc7 30. Nd3 Bxh2+ 31. Kxh2 Ne6 32. Ba5 Rd7 33. Nc5 Nxc5
34. Rxc5 f5 35. Rxf5 Rc8 36. Rd3 Rc2 37. b3 Rb2 38. Rd5 Re7 39. R5xd4 Re5 40.
Rd5 Re6 41. b4 Rc6 42. Rd2 Rb1 43. Rd6 Rcc1 44. Rxa6 Rh1+ 45. Kg3 Rh5 46. Rd5
Rhh1 47. Kg4 Rb2 48. g3 Rb3 49. Rxb5 Rf1 50. Rf5 Kh7 51. Rf7 1-0

[Event "XI. Solinger Karnevals-Open"]
[Site "Solingen"]
[Date "2020.02.23"]
[Round "4.17"]
[White "Rades, Andreas"]
[Black "Speck, Stefan"]
[Result "1/2-1/2"]
[WhiteElo "1509"]
[BlackElo "1944"]
[PlyCount "79"]
[EventDate "2020.02.21"]
[EventType "swiss"]
[EventRounds "5"]
[EventCountry "GER"]
[Tiebreak "Buchholz+Sum of Buchholz"]

1. Nf3 e6 2. g3 f5 3. d4 Nf6 4. Bg2 d5 5. c4 c6 6. b3 Bb4+ 7. Bd2 a5 8. a3 Bd6
9. Ne5 O-O 10. Bg5 Nbd7 11. f4 {(=)} Qe8 12. Bxf6 Rxf6 13. O-O Rh6 14. Nxd7
Bxd7 15. e3 Qe7 16. c5 Bc7 17. Nd2 Be8 18. Bf3 g5 19. Be2 g4 20. Rf2 Rg6 21.
Kf1 h5 22. Ke1 Bd7 23. Nf1 Kg7 24. Kd2 {(=)} Rh8 25. Bd3 Rgh6 26. Qe2 Kg8 27.
b4 h4 28. b5 hxg3 29. hxg3 cxb5 30. Bxb5 a4 31. Rb1 Ba5+ 32. Kc2 R8h7 33. Bxd7
Qxd7 34. Qb5 Qd8 35. Kd3 Rh1 36. Nd2 Bxd2 37. Rxh1 Rxh1 38. Kxd2 Ra1 39. Qxa4
Ra2+ 40. Ke1 1/2-1/2

[Event "XI. Solinger Karnevals-Open"]
[Site "Solingen"]
[Date "2020.02.23"]
[Round "4.18"]
[White "Mukovskiy, Peter"]
[Black "Reinhard, Ralf-Peter"]
[Result "1-0"]
[WhiteElo "1649"]
[BlackElo "1899"]
[PlyCount "93"]
[EventDate "2020.02.21"]
[EventType "swiss"]
[EventRounds "5"]
[EventCountry "GER"]
[Tiebreak "Buchholz+Sum of Buchholz"]

1. d4 Nf6 2. c4 e6 3. Nc3 d5 4. cxd5 exd5 5. Bg5 Be7 6. e3 c6 7. Bd3 O-O 8. Qc2
Nbd7 9. Nge2 Re8 10. O-O h6 11. Bh4 Nh5 12. Bxe7 Qxe7 13. Rab1 Ndf6 14. b4 a6
15. Na4 Nd7 16. Rfc1 Nhf6 17. Ng3 Nf8 18. Nc5 Be6 19. h3 g6 20. a4 Reb8 21. Ne2
Bd7 22. Nf4 Kg7 23. Rb3 Ne6 24. Nfxe6+ Bxe6 25. b5 axb5 26. axb5 Rc8 27. bxc6
bxc6 28. Rb7 Qd6 29. Nxe6+ Qxe6 30. Bxg6 Rf8 31. Bf5 Qd6 32. Qxc6 Ra6 33. Qxd6
Rxd6 34. Rcc7 Ra6 35. Ra7 Rb6 36. Bd3 Rb3 37. Bc2 Rb6 38. Kf1 Ne8 39. Rcb7 Rxb7
40. Rxb7 Nf6 41. Rb5 Rc8 42. Rc5 Rb8 43. f3 Ra8 44. Bb3 Ra3 45. Rb5 Ra1+ 46.
Kf2 Rb1 47. Bc4 1-0

[Event "XI. Solinger Karnevals-Open"]
[Site "Solingen"]
[Date "2020.02.23"]
[Round "4.19"]
[White "Altok, Mesut"]
[Black "Aravindan, Midhulan"]
[Result "1-0"]
[WhiteElo "1885"]
[BlackElo "1491"]
[PlyCount "117"]
[EventDate "2020.02.21"]
[EventType "swiss"]
[EventRounds "5"]
[EventCountry "GER"]
[Tiebreak "Buchholz+Sum of Buchholz"]

1. e4 e6 2. Nf3 d5 3. Bd3 Nf6 4. exd5 exd5 5. c3 Bd6 6. O-O O-O 7. h3 h6 8. b4
b6 9. b5 Bb7 10. a4 a5 11. Na3 Nbd7 12. Nd4 Ne5 13. Be2 Qd7 14. d3 c5 15. bxc6
Nxc6 16. Nab5 Nxd4 17. Nxd4 Rac8 18. Nb5 Rfe8 19. Nxd6 Qxd6 20. Bd2 Ba6 21. Re1
Re6 22. Bf1 Rce8 23. Rxe6 Rxe6 24. Rb1 Nd7 25. d4 Bxf1 26. Qxf1 f5 27. Qd3 Qf8
28. Rb5 Qf7 29. Rxd5 Re1+ 30. Bxe1 Qxd5 31. c4 Qd6 32. Qc3 Qc6 33. c5 bxc5 34.
Qc4+ Kh7 35. Bxa5 Qe4 36. Bc3 Nb6 37. Qxc5 Nxa4 38. Qb4 Nxc3 39. Qxc3 Qb1+ 40.
Kh2 Qb8+ 41. Qg3 f4 42. Qd3+ Kh8 43. d5 Qd6 44. Qf5 Qc5 45. Qe5 f3 46. Qe8+ Kh7
47. Qe4+ Kh8 48. Qxf3 Qd6+ 49. g3 Qc5 50. Kg2 Qd6 51. Qf5 Qc5 52. h4 Qd6 53.
Qc8+ Kh7 54. Qc6 Qb4 55. d6 Qd4 56. d7 Qd3 57. Qe6 Qd4 58. h5 Qd3 59. Qg6+ 1-0

[Event "XI. Solinger Karnevals-Open"]
[Site "Solingen"]
[Date "2020.02.23"]
[Round "4.20"]
[White "El Mali, Anas"]
[Black "Liehs, Karl"]
[Result "1-0"]
[WhiteElo "1865"]
[BlackElo "1421"]
[PlyCount "43"]
[EventDate "2020.02.21"]
[EventType "swiss"]
[EventRounds "5"]
[EventCountry "GER"]
[Tiebreak "Buchholz+Sum of Buchholz"]

1. d4 Nf6 2. c4 c5 3. Nf3 g6 4. Nc3 Bg7 5. e4 cxd4 6. Nxd4 Nc6 7. Be3 O-O 8. f3
d6 9. Qd2 Re8 10. O-O-O Bd7 11. Kb1 Nb4 12. g4 Bc6 13. h4 a5 14. h5 a4 15. hxg6
e6 16. gxf7+ Kxf7 17. g5 Nd7 18. Rxh7 Rg8 19. Nxe6 Kxe6 20. Qxd6+ Kf7 21. g6+
Ke8 22. Qe6+ 1-0

[Event "XI. Solinger Karnevals-Open"]
[Site "Solingen"]
[Date "2020.02.23"]
[Round "4.21"]
[White "Prang, Andreas"]
[Black "Petrovic, Julijan"]
[Result "1/2-1/2"]
[WhiteElo "1811"]
[BlackElo "1592"]
[PlyCount "69"]
[EventDate "2020.02.21"]
[EventType "swiss"]
[EventRounds "5"]
[EventCountry "GER"]
[Tiebreak "Buchholz+Sum of Buchholz"]

1. c4 e5 2. g3 Nc6 3. Bg2 f5 4. Nc3 Nf6 5. a3 g6 6. b4 Bg7 7. e3 O-O 8. Nge2
Ne7 9. O-O d6 10. a4 c6 11. b5 Be6 12. d3 d5 13. cxd5 cxd5 14. Ba3 Qd7 15. h3
Rfd8 16. f4 e4 17. Nd4 Rac8 18. Rc1 Bf7 19. Kh2 Kh8 20. Bb4 exd3 21. Qxd3 Ne4
22. Nb1 Ng8 23. Nd2 Nxd2 24. Bxd2 Nf6 25. Bc3 Ne4 26. Ba1 Rc7 27. Qa3 Rdc8 28.
Nf3 Bxa1 29. Qxa1+ Kg8 30. Ne5 Qe6 31. Rxc7 Rxc7 32. Rc1 Rxc1 33. Qxc1 Qe7 34.
Bxe4 dxe4 35. Nxf7 1/2-1/2

[Event "XI. Solinger Karnevals-Open"]
[Site "Solingen"]
[Date "2020.02.23"]
[Round "4.22"]
[White "Fränzel, Marius"]
[Black "Scheidtmann, Kian"]
[Result "1-0"]
[WhiteElo "1768"]
[BlackElo "1551"]
[PlyCount "75"]
[EventDate "2020.02.21"]
[EventType "swiss"]
[EventRounds "5"]
[EventCountry "GER"]
[Tiebreak "Buchholz+Sum of Buchholz"]

1. e4 c5 2. c3 Nc6 3. d4 cxd4 4. cxd4 e6 5. Nf3 d6 6. Nc3 Nf6 7. h3 Bd7 8. Bd3
a6 9. O-O Be7 10. a3 Rc8 11. Bd2 O-O 12. Qe2 e5 13. dxe5 Nxe5 14. Nxe5 dxe5 15.
Rad1 Qb6 16. Be3 Qe6 17. Bb1 Bb5 18. Nxb5 axb5 19. Qxb5 Qc6 20. Qxe5 Rfe8 21.
Qf5 g6 22. Qf3 Qe6 23. Rfe1 Bd6 24. Bd4 Be5 25. Qe3 Qd6 26. Bxe5 Qxe5 27. Qd4
Rc5 28. Qxe5 Rcxe5 29. f3 Nh5 30. Rd7 R8e7 31. Red1 b5 32. Kh2 Nf6 33. Rd8+ Kg7
34. Rb8 Rc7 35. Rd2 g5 36. Ba2 h6 37. Bd5 Nd7 38. Rxb5 1-0

[Event "XI. Solinger Karnevals-Open"]
[Site "Solingen"]
[Date "2020.02.23"]
[Round "4.23"]
[White "Plum, Paul"]
[Black "Liehs, Konstantin"]
[Result "1-0"]
[WhiteElo "1760"]
[BlackElo "1533"]
[PlyCount "135"]
[EventDate "2020.02.21"]
[EventType "swiss"]
[EventRounds "5"]
[EventCountry "GER"]
[Tiebreak "Buchholz+Sum of Buchholz"]

1. e4 e5 2. Nf3 Nc6 3. Bc4 Bc5 4. c3 Nf6 5. d3 O-O 6. Nbd2 d6 7. Nf1 h6 8. Be3
Bb6 9. Bxb6 axb6 10. Ne3 Be6 11. Bb3 Ne7 12. O-O c6 13. Nh4 d5 14. exd5 Nfxd5
15. Nc4 Ng6 16. Nxg6 fxg6 17. Nxe5 Qf6 18. d4 Nf4 19. Bxe6+ Qxe6 20. Qb3 Qxb3
21. axb3 Ne2+ 22. Kh1 Rxa1 23. Rxa1 Rxf2 24. Nxg6 Kh7 25. Ne5 Nf4 26. g3 Ng6
27. Nxg6 Kxg6 28. Ra7 Rxb2 29. b4 b5 30. Rxb7 Rc2 31. Rb6 Rxc3 32. d5 Kf5 33.
dxc6 Ke6 34. Rxb5 Rxc6 35. Rb7 g6 36. Kg2 Rc3 37. b5 Rb3 38. Kh3 Rb2 39. b6 Kf6
40. Rb8 Kg5 41. Rb7 Rb3 42. Kg2 Rb2+ 43. Kf3 Rxh2 44. Rh7 Rb2 45. b7 Rb4 46.
Rg7 Kf6 47. Rc7 Kg5 48. Ke3 Kg4 49. Rc4+ Rxc4 50. b8=Q Rc3+ 51. Kf2 Rf3+ 52.
Kg2 Rf6 53. Qb4+ Kf5 54. Qf4+ Ke6 55. Qxh6 Kf7 56. Qh7+ Kf8 57. Qh8+ Kf7 58.
Qb8 Kg7 59. Qa7+ Rf7 60. Qd4+ Kf8 61. Kh3 Kg8 62. Kg4 Kh7 63. Kh4 Kh6 64. Qh8+
Rh7 65. Qf8+ Rg7 66. Kg4 Kh7 67. Kg5 Rg8 68. Qh6# 1-0

[Event "XI. Solinger Karnevals-Open"]
[Site "Solingen"]
[Date "2020.02.23"]
[Round "4.24"]
[White "Sebastian, Thorsten"]
[Black "Runte, Dirk"]
[Result "1/2-1/2"]
[WhiteElo "1481"]
[BlackElo "1692"]
[PlyCount "121"]
[EventDate "2020.02.21"]
[EventType "swiss"]
[EventRounds "5"]
[EventCountry "GER"]
[Tiebreak "Buchholz+Sum of Buchholz"]

1. d4 Nf6 2. Nf3 d5 3. e3 g6 4. Bd3 Bg7 5. c3 Nbd7 6. Nbd2 c5 7. O-O O-O 8. Re1
e5 9. dxe5 Ng4 10. e4 Ndxe5 11. Nxe5 Nxe5 12. Bc2 Bg4 13. f3 Be6 14. exd5 Bxd5
15. Ne4 c4 16. Bf4 Qb6+ 17. Kf1 Qc6 18. Qe2 Nd3 19. Bxd3 cxd3 20. Qd2 Rae8 21.
Bd6 Bxe4 22. Bxf8 Bxf8 23. fxe4 Bc5 24. Qxd3 Qf6+ 25. Qf3 Qa6+ 26. Re2 Re6 27.
Ke1 Rf6 28. Qg3 Qb6 29. e5 Rf5 30. b4 Bxb4 31. cxb4 Qg1+ 32. Kd2 Qxa1 33. Kd3
Qb1+ 34. Kc4 Qc1+ 35. Kb3 Qd1+ 36. Rc2 Qd5+ 37. Ka3 Rxe5 38. Rc8+ Kg7 39. Rc5
Qxc5 40. bxc5 Rxc5 41. Kb4 b6 42. Qd6 h6 43. a4 Rg5 44. g3 Rg4+ 45. Kb5 a6+ 46.
Kxa6 Rxa4+ 47. Kxb6 Re4 48. Kc5 Re2 49. h4 Re6 50. Qd4+ Kg8 51. Qd8+ Kg7 52. g4
Re5+ 53. Kd4 Re1 54. Kc3 Re4 55. Qd7 h5 56. gxh5 Rxh4 57. hxg6 Kxg6 58. Qd3+ f5
59. Qg3+ Rg4 60. Qd6+ Kg5 61. Qe7+ 1/2-1/2

[Event "XI. Solinger Karnevals-Open"]
[Site "Solingen"]
[Date "2020.02.23"]
[Round "4.25"]
[White "Suzuki, Juliano"]
[Black "Hapka, Luca"]
[Result "1-0"]
[WhiteElo "1416"]
[BlackElo "1674"]
[PlyCount "69"]
[EventDate "2020.02.21"]
[EventType "swiss"]
[EventRounds "5"]
[EventCountry "GER"]
[Tiebreak "Buchholz+Sum of Buchholz"]

1. e4 e5 2. Nf3 Nc6 3. Bc4 Nf6 4. d3 Bc5 5. c3 d6 6. O-O O-O 7. a4 a5 8. Nbd2
Be6 9. Qb3 Bxc4 10. Nxc4 Qd7 11. Be3 Bxe3 12. Nxe3 Rfb8 13. Qb5 Ra6 14. Nd5 Qd8
15. Rab1 Na7 16. Qb3 c6 17. Ne3 b5 18. Nd2 bxa4 19. Qxa4 d5 20. Nf3 d4 21. Nc4
dxc3 22. bxc3 Nb5 23. Qc2 Nh5 24. Nfxe5 f6 25. Nf3 g5 26. d4 Qd7 27. e5 f5 28.
Nd6 g4 29. Nh4 Ng7 30. Nhxf5 Nxf5 31. Nxf5 Rba8 32. Qe4 Nxc3 33. Qxg4+ Kf7 34.
Rb3 Nd5 35. Rf3 1-0

[Event "XI. Solinger Karnevals-Open"]
[Site "Solingen"]
[Date "2020.02.23"]
[Round "4.26"]
[White "Zimdars, Wolfgang"]
[Black "Tong, Anthony"]
[Result "1/2-1/2"]
[WhiteElo "1652"]
[BlackElo "1464"]
[PlyCount "53"]
[EventDate "2020.02.21"]
[EventType "swiss"]
[EventRounds "5"]
[EventCountry "GER"]
[Tiebreak "Buchholz+Sum of Buchholz"]

1. d4 Nf6 2. Nf3 d5 3. g3 Bf5 4. Bg2 e6 5. O-O c5 6. c3 Nc6 7. a3 Bd6 8. Nbd2
O-O 9. Nh4 cxd4 10. Nxf5 exf5 11. cxd4 Nxd4 12. Nb3 Nxb3 13. Qxb3 Qa5 14. Be3
Rfd8 15. Bg5 Be5 16. Rfd1 d4 17. Bh3 h6 18. Bd2 Qa6 19. Bf1 b6 20. e3 Qc8 21.
Rac1 Qb8 22. Bc4 Qb7 23. Bb5 Rac8 24. Rxc8 Rxc8 25. exd4 Bxd4 26. Be3 Bxe3 27.
Qxe3 1/2-1/2

[Event "XI. Solinger Karnevals-Open"]
[Site "Solingen"]
[Date "2020.02.23"]
[Round "4.27"]
[White "Beißel, Daniel"]
[Black "Rewig, Adrian"]
[Result "1-0"]
[WhiteElo "1630"]
[BlackElo "1414"]
[PlyCount "95"]
[EventDate "2020.02.21"]
[EventType "swiss"]
[EventRounds "5"]
[EventCountry "GER"]
[Tiebreak "Buchholz+Sum of Buchholz"]

1. c4 c5 2. g3 g6 3. Bg2 Bg7 4. Nc3 Nc6 5. e3 e6 6. Nge2 Nge7 7. O-O O-O 8. Nf4
Rb8 9. Rb1 b6 10. a3 Ba6 11. Qa4 Bb7 12. b4 d6 13. Qc2 Qd7 14. Rd1 Rfd8 15.
Nce2 Qc7 16. d4 cxd4 17. exd4 Nf5 18. Bb2 Nce7 19. c5 Bxg2 20. Kxg2 d5 21. Nd3
b5 22. Ne1 Nc6 23. Nf3 Ra8 24. Bc1 a5 25. Bf4 Qb7 26. Be5 axb4 27. axb4 Ra4 28.
Bxg7 Kxg7 29. Qc3 Rda8 30. Ne5 Nfe7 31. Rb3 R8a6 32. Nxc6 Nxc6 33. Nf4 Qa8 34.
Nd3 Ra3 35. Rdb1 Ra2 36. R1b2 Kg8 37. Kh3 R6a3 38. Rxa2 Rxa2 39. Rb2 Qa4 40. f4
Ra3 41. Qd2 Nxd4 42. Ne5 Nf3 43. Nxf3 Rxf3 44. c6 Qa8 45. Rc2 Ra3 46. Qe2 Qc8
47. Qe5 Rb3 48. Qd6 1-0

[Event "XI. Solinger Karnevals-Open"]
[Site "Solingen"]
[Date "2020.02.23"]
[Round "4.28"]
[White "Gülcan, Batuhan Ege"]
[Black "Tanz, Manfred"]
[Result "1-0"]
[WhiteElo "1338"]
[BlackElo "1610"]
[PlyCount "115"]
[EventDate "2020.02.21"]
[EventType "swiss"]
[EventRounds "5"]
[EventCountry "GER"]
[Tiebreak "Buchholz+Sum of Buchholz"]

1. e4 c5 2. Nf3 Nc6 3. Nc3 d6 4. Bc4 h6 5. h3 Nf6 6. d3 a6 7. Nd5 e6 8. Ne3 Be7
9. O-O b5 10. Bb3 Na5 11. c4 Nxb3 12. axb3 b4 13. Bd2 Bb7 14. Re1 e5 15. Nh4
Nxe4 16. dxe4 Bxh4 17. Nf5 O-O 18. Qg4 Bg5 19. Bxg5 Qxg5 20. Qxg5 hxg5 21. Nxd6
Bc6 22. Ra5 Rfd8 23. Nf5 Bd7 24. Rxc5 Bxf5 25. exf5 f6 26. Rd5 a5 27. Red1 Rxd5
28. Rxd5 a4 29. bxa4 Rxa4 30. Rb5 b3 {(=)} 31. Rxb3 Rxc4 32. Rc3 Rd4 33. Rc2
Rd7 34. b4 g6 35. fxg6 Kg7 36. Rb2 Kxg6 37. b5 Kf5 38. b6 Rb7 39. f3 Ke6 40.
Kf2 f5 41. g4 f4 42. Ke2 Kd6 43. Kd3 Kd5 44. Rb5+ Ke6 45. Ke4 Kf6 46. Kd5 Rd7+
47. Kc6 Rd8 48. b7 e4 49. fxe4 f3 50. b8=Q Rxb8 51. Rxb8 Ke5 52. Rb5+ Kf4 53.
Rf5+ Kxe4 54. Rxg5 Kf4 55. Rg8 Kg3 56. g5 Kxh3 57. g6 Kg4 58. g7 1-0

[Event "XI. Solinger Karnevals-Open"]
[Site "Solingen"]
[Date "2020.02.23"]
[Round "4.29"]
[White "Rösch, Felix"]
[Black "Mermertas, Uzay Sükrü"]
[Result "1-0"]
[WhiteElo "1602"]
[BlackElo "1169"]
[PlyCount "121"]
[EventDate "2020.02.21"]
[EventType "swiss"]
[EventRounds "5"]
[EventCountry "GER"]
[Tiebreak "Buchholz+Sum of Buchholz"]

1. e4 e5 2. Nf3 Nc6 3. Bc4 Bc5 4. c3 Be7 5. d4 d6 6. Qb3 Na5 7. Qa4+ c6 8. Bd3
b5 9. Qc2 Nf6 10. dxe5 dxe5 11. Nxe5 O-O 12. b4 Qc7 13. Nf3 Nc4 14. Bxc4 bxc4
15. O-O c5 16. bxc5 Bxc5 17. Ba3 Bxa3 18. Nxa3 Bg4 19. Nd4 Qc5 20. Nb1 Rfe8 21.
f3 Bd7 22. Kh1 Rab8 23. Nd2 a6 24. Rab1 h6 25. Rxb8 Rxb8 26. Rb1 Rxb1+ 27. Qxb1
Qa3 28. Qc2 Bb5 29. Nb1 Qa5 30. Qb2 Be8 31. Na3 Qa4 32. Nac2 a5 {(=)} 33. Qa3
Bb5 34. Qxa4 Bxa4 35. Ne3 Bd7 36. Nxc4 a4 37. Kg1 Ne8 38. Nb6 Be6 39. Nxe6 fxe6
40. Nxa4 Nc7 41. c4 Na6 42. a3 Kf7 43. Kf2 Kf6 44. Ke3 Ke5 45. f4+ Kd6 46. Kd4
g6 47. g3 h5 48. h3 e5+ 49. fxe5+ Ke6 50. Nc5+ Nxc5 51. Kxc5 Kxe5 52. a4 Kxe4
53. a5 Kf3 54. a6 Kxg3 55. a7 Kxh3 56. a8=Q g5 57. Kd4 g4 58. Ke3 h4 59. Qc8
Kg3 60. Qf5 h3 61. Qf2# 1-0

[Event "XI. Solinger Karnevals-Open"]
[Site "Solingen"]
[Date "2020.02.23"]
[Round "4.30"]
[White "Lux, Andreas"]
[Black "Schneider, Ferdinand"]
[Result "1-0"]
[WhiteElo "1776"]
[BlackElo "1347"]
[PlyCount "57"]
[EventDate "2020.02.21"]
[EventType "swiss"]
[EventRounds "5"]
[EventCountry "GER"]
[Tiebreak "Buchholz+Sum of Buchholz"]

1. d4 Nf6 2. Nf3 e6 3. e3 b6 4. Bd3 Bb7 5. Nbd2 Be7 6. O-O O-O 7. c3 c5 8. Re1
Nc6 9. a3 cxd4 10. exd4 Qc7 11. Nf1 h6 12. Ng3 a5 13. Bb1 b5 14. Qd3 b4 15. Nh5
g6 16. Nxf6+ Bxf6 17. Bxh6 Rfc8 18. axb4 axb4 19. Rxa8 Rxa8 20. h4 Ba6 21. Qe4
d5 22. Qg4 Kh7 23. Bf4 Qd8 24. h5 Qg8 25. hxg6+ fxg6 26. Qh5+ Kg7 27. Qxg6+ Kh8
28. Qh6+ Qh7 29. Qxh7# 1-0

[Event "XI. Solinger Karnevals-Open"]
[Site "Solingen"]
[Date "2020.02.23"]
[Round "4.32"]
[White "Meckel, Helmut"]
[Black "Fetahovic, Sarah"]
[Result "1-0"]
[WhiteElo "1841"]
[BlackElo "1197"]
[PlyCount "51"]
[EventDate "2020.02.21"]
[EventType "swiss"]
[EventRounds "5"]
[EventCountry "GER"]
[Tiebreak "Buchholz+Sum of Buchholz"]

1. d4 d5 2. e4 dxe4 3. Nc3 e5 4. Be3 Bb4 5. Bc4 Nf6 6. dxe5 Qxd1+ 7. Rxd1 Ng4
8. Bf4 Bc5 9. Nxe4 Bb6 10. h3 Bf5 11. Bd5 Bxe4 12. Bxe4 Nxf2 13. Bxb7 Nxh1 14.
Bxa8 O-O 15. Nf3 Nf2 16. Rd2 Nxh3 17. gxh3 Re8 18. Bd5 Kf8 19. Nd4 Nd7 20. Nc6
Nf6 21. Bf3 g6 22. Bh6+ Kg8 23. Kd1 Nh5 24. Bxh5 gxh5 25. Nd8 c5 26. Rg2+ 1-0

[Event "XI. Solinger Karnevals-Open"]
[Site "Solingen"]
[Date "2020.02.23"]
[Round "4.33"]
[White "Jorke, Roland"]
[Black "Kissing, Bastian"]
[Result "0-1"]
[WhiteElo "1388"]
[BlackElo "1778"]
[PlyCount "75"]
[EventDate "2020.02.21"]
[EventType "swiss"]
[EventRounds "5"]
[EventCountry "GER"]
[Tiebreak "Buchholz+Sum of Buchholz"]

1. Nf3 Nf6 2. d4 e6 3. g3 d5 4. Bg2 c5 5. O-O Nc6 6. b3 Be7 7. Bb2 O-O 8. Nbd2
Nd7 9. c4 Bf6 10. Ne5 cxd4 11. Nxc6 bxc6 12. Rb1 Bb7 13. cxd5 cxd5 14. e4 Ba6
15. Re1 Ne5 16. Bxd4 Nd3 17. Bxf6 Qxf6 18. Re2 Nb2 19. Rxb2 Qxb2 20. Re3 Rac8
21. Nf1 Rc1 22. Qf3 Qa1 23. Re2 Rfc8 24. h4 Rxf1+ 25. Bxf1 Rc1 26. Kg2 Rxf1 27.
Rc2 Qe5 28. Qe2 Qxe4+ 29. Qxe4 dxe4 30. Rc7 g6 31. Rxa7 Be2 32. Ra4 f5 33. Rd4
Ra1 34. f3 Bxf3+ 35. Kf2 Rxa2+ 36. Ke3 e5 37. Rd2 Rxd2 38. Kxd2 0-1